Heat processes in glass and silicate technology / (Record no. 131873)

MARC details
000 -LEADER
fixed length control field 00762nam a22002417a 4500
005 - DATE AND TIME OF LATEST TRANSACTION
control field 20170124110144.0
010 ## - LIBRARY OF CONGRESS CONTROL NUMBER
LC control number A-408188
020 ## - INTERNATIONAL STANDARD BOOK NUMBER
Terms of availability 00.00
035 ## - SYSTEM CONTROL NUMBER
System control number A-408188
037 ## - SOURCE OF ACQUISITION
Source of stock number/acquisition Cen Lib/Ret
040 ## - CATALOGING SOURCE
Original cataloging agency DPL
Language of cataloging EN
082 ## - DEWEY DECIMAL CLASSIFICATION NUMBER
Classification number 660
Item number MAK
100 ## - MAIN ENTRY--PERSONAL NAME
Personal name Makarov, Bulavin.I.
9 (RLIN) 33064
245 ## - TITLE STATEMENT
Title Heat processes in glass and silicate technology /
Statement of responsibility, etc by Bulavin I.Makarov, Rapopart A. [and] V.Khokhlov
260 ## - PUBLICATION, DISTRIBUTION, ETC. (IMPRINT)
Name of publisher, distributor, etc Mir Publishers
Date of publication, distribution, etc 1986
Place of publication, distribution, etc Moscow
300 ## - PHYSICAL DESCRIPTION
Extent 272p. :
Dimensions 21cm(Hb)
Other physical details ill.
500 ## - GENERAL NOTE
General note Includes bibliographical references and index<br/>
650 ## - SUBJECT ADDED ENTRY--TOPICAL TERM
Topical term or geographic name as entry element Glass making furnaces
9 (RLIN) 33065
650 ## - SUBJECT ADDED ENTRY--TOPICAL TERM
Topical term or geographic name as entry element Solar energy processes
9 (RLIN) 33066
700 ## - ADDED ENTRY--PERSONAL NAME
Personal name Rapoport, A.
9 (RLIN) 33067
700 ## - ADDED ENTRY--PERSONAL NAME
Personal name Khokhlov, V.
9 (RLIN) 33068
942 ## - ADDED ENTRY ELEMENTS (KOHA)
Source of classification or shelving scheme Dewey Decimal Classification
Koha item type English Books
Classification part 660
Call number suffix MAK
Holdings
Withdrawn status Lost status Damaged status Not for loan Home library Current library Date acquired Source of acquisition Cost, normal purchase price Total Checkouts Full call number Barcode Date last seen Copy number Cost, replacement price Price effective from Koha item type
        Central Library Central Library 16/07/2015 Cen Lib/Ret 0.00   660 MAK A-408188 16/07/2015 1 0.00 16/07/2015 English Books

© Delhi Public Library
Hit Counter
free hit counter